Countries with the Smallest North-South Distance with Exceptions - Statistics

General Stats
  • This quiz has been taken 39 times
  • The average score is 16 of 20
Answer Stats
Difference Answer % Correct
00°47' Gambia
95%
00°44' Luxembourg
91%
01°37' Bhutan
86%
01°47' Djibouti
86%
02°06' Lesotho
86%
01°41' Montenegro
86%
01°27' Slovenia
86%
01°35' Eswatini
82%
01°26' Kosovo
82%
01°41' Qatar
82%
01°48' Rwanda
82%
01°52' Slovakia
82%
02°10' Burundi
77%
01°17' El Salvador
77%
02°00' Belgium
73%
01°49' Guinea-Bissau
73%
01°34' Kuwait
73%
01°29' North Macedonia
73%
01°58' Switzerland
73%
01°40' Lebanon
68%
No matching quizzes found
Score Distribution
Percent of People with Each Score
Percentile by Number Answered
Your Score History
You have not taken this quiz